000
00301nam a22001097a 4500
082
_a
320
100
_a
Naidu,M.Venkaiah
_9
81385
245
_a
Selected Speeches M. Venkalah Naidu Vice President of India
260
_a
New Delhi
_b
Pulication Division
_c
2018
650
_a
Political Science
942
_c
BK
999
_c
65388
_d
65388